01058aam a2200265 i 4500001001000000003001000010005001700020007000300037008004100040020002200081040004800103041000800151082002200159100004100181245005000222264005400272264001200326300002700338336002700365337003300392338002800425505029800453563001400751650002700765768714001CO-MdFUSB20211215083003.0ta211215t1939 -us |||| |||| 00| 0 eng d a[No incluye ISBN] bspa.aCO-MdFUSBcCO-MdFUSBdCO-MdFUSBCerda aeng04a270.1223bS7424w1 aSpeer, Roberto Elliot (1867-)eautor10aWhen christianity was new c/ Robert E. Speer 1aNew York, NY., USA : bFleming H. Revell,c[1939] 1c© 1939 a192 páginasc; 21 cm atextobtxt2rdacontent 2rdamediaasin mediaciónbn 2rdacarrieravolumenbnc aLa iglesia de la casa. -- Cuestiones primitivas cristianas y socioeconómicas. -- La iglesia primitiva como compañerismo. -- La iglesia primitiva y el problema racial. -- Cristianismo primitivo y "otras religiones". -- El lugar de cristo en el pensamiento y la vida de la iglesia primitiva. aTapa dura 0aHistoria de la Iglesia